Every D1 NCAA College in Indiana - Statistics

General Stats
  • This quiz has been taken 26 times
  • The average score is 9 of 11
Answer Stats
Hint Answer % Correct
Hoosiers Indiana
100%
Sycamores Indiana St
100%
Boilmakers Purdue
100%
Fighting Irish Notre Dame
95%
Cardinals Ball St
82%
Bulldogs Butler
73%
Purple Aces Evansville
73%
Jaguars IU Indianapolis
68%
Mastodons Purdue Fort Wayne
64%
Screaming Eagles Southern Indiana
55%
Beacons Valparaiso
50%
No matching quizzes found
Score Distribution
Percent of People with Each Score
Percentile by Number Answered
Your Score History
You have not taken this quiz